MDQL
is popping MORE tags! Check the
thread
!
Quizzes
Events
Quiz Creation
Community
Videos
Private Events
Remove Ads
Sign In
Join for FREE
Feedback
Dark Mode
Quiz Categories
Sports
Geography
Music
Movies
Television
Just For Fun
Miscellaneous
History
Literature
Language
Science
Gaming
Entertainment
Religion
Holiday
For Kids
Quiz Lab
Recent
Popular Today
Quiz Kudos Today
Editor Picks
Curator Picks
Quizzes by...
Day
Popularity
Type
Ratings
Length
Year
Community
Subscriptions
Recent Discussions
Orange Saloon
Badges
Playlists
Quests
Create
Leaderboards
Showdown
Live 5
Trivia Bingo
Activity
Puzzle Library
Sporcle Events
Private Events
Virtual Trivia
Globe League
Become a Host
Pub Owners
SporcleCon
Opinionation
Our Games
Videos
Blog
Mobile Apps
Partnerships
Remove Ads and Go Orange
Feedback
Movies
Disney
Marvel Cinematic Universe
Movie Resume
Movie Titles
Oscar
Actor
Actress
Director
Pixar
Role
Movie Quotes
Movie Characters
Box Office
Nominee
Best Picture
Star Wars
James Bond
Horror Movies
Movies
Disney
Marvel Cinematic Universe
Movie Resume
Movie Titles
Oscar
Actor
Actress
Director
Pixar
Role
Movie Quotes
Movie Characters
Box Office
Nominee
Best Picture
Star Wars
James Bond
Horror Movies
Random Quiz
Search Sporcle
×
Quiz Lab
Quiz Lab
Movies
close-up
Type in answers that appear in a list
Type in answers that appear in a list
Classic
Best Score? Go Orange.
Close-Up: Movie by Swords on their Poster Stats
Can you name the movie by the sword being held on its movie poster?
By
Sitsaln
5m
25 Questions
329 Plays
329 Plays
329 Plays
Comments
Comments
Give Quiz Kudos
Give Quiz Kudos
-
- Ratings
hide this ad
More Info
Forced Order
Answers have to be entered in order
Answers have to be entered in order
Replay
Link that replays current quiz
Next Quiz
Link to next quiz in quiz playlist
You Got
0%
They Got
Avg Score
31%
Avg Friend Score
Upgrade to see
Score Distribution
Jump to the score distribution portion of the page
Score
0/25
Timer
05:00
0
Plays Today
Number
Movie
% Correct
18
Hercules
74.5%
7
Braveheart
62.6%
1
Mulan
61.4%
8
Kill Bill Vol. 1
52.6%
14
Lord of the Rings: Return of the King
51.4%
19
Tangled
49.2%
17
Star Wars: A New Hope
48%
2
Mask of Zorro
46.5%
5
Gladiator
39.8%
11
300
38.3%
4
Blade
35.3%
23
Pirates of the Caribbean: At World's End
30.4%
24
Prince of Persia: The Sands of Time
29.5%
Number
Movie
% Correct
9
Troy
26.4%
21
Kingdom of Heaven
25.5%
6
The Scorpion King
17.6%
12
Last Samurai
16.4%
15
Crouching Tiger, Hidden Dragon
12.8%
3
The Count of Monte Cristo
11.9%
20
Lawrence of Arabia
11.6%
22
Peter Pan
11.2%
25
Serenity
8.2%
10
Chronicles of Narnia: Prince Caspian
7.3%
16
Harry Potter and the Chamber of Secrets
5.2%
13
Muppet Treasure Island
3%
Quiz Playlist
Details
Report
Send in Message
Add To Playlist
More Info:
-Name the MOVIE to which each picture belongs, not the sword, nor its wielder.
Classic:
Type in answers that appear in a list
Forced Order:
Answers have to be entered in order
Last Updated: Feb 16, 2017
Quiz Scoreboard
CHALLENGE
Sign Up to Join the Scoreboard
Show All
Scores
Hide
Comments
May contain spoilers
Recently Published
Colored Red Africa Blitz
by spor1
Geography
30s
Find the 'City' Movie
by crazypaving
Movies
60s
5x2 Blitz: Bands
by SL_Kpop136
Music
30s
More to Explore
Quiz From the Vault
Featured Blog Post
14 Easter Pick-up Lines to Find Eggs With
hide this ad
You Might Also Like...
Tags
close-up
Movie Poster
Sword
Today's Top Quizzes in Movies
Browse Movies
hide this ad
Today's Top Quizzes in close-up
Browse close-up
Top Contributed Quizzes in Movies
1
Find The 'Big' Movie
2
Find The 'Wild' Movie
3
Find The 'Blue' Movie
4
Movies By Plot
5
Pick 5 Posters: Directed by Spielberg
6
Hidden Star Wars Character II
7
Hidden Star Wars Character III
8
Hidden Star Wars Character IV
9
Alfred Hitchcock Movies by Plot
10
Hidden Star Wars Character V
Explore More
Trending Topics
Marvel
Crossword
Disney
NBA
Anime
Kpop
Harry Potter
The Office
Pokémon
Country
Soccer
WWE
Puzzle
NFL
Song
hide this ad
More By:
Sitsaln
Quiz
Plays
Rating
Category
Featured
Created
Times Frodo Would Have Died
7,219
3.57
Movies
Apr 19, 2011
Superheroes If They Didn't Have Powers
4,319
3.88
Entertainment
Apr 4, 2011
Things in the Middle East
2,874
4.31
Geography
May 10, 2011
Obscure Lord of the Rings
2,251
3.77
Entertainment
Mar 23, 2011
Movie by Prison Scene
703
4.12
Movies
Aug 13, 2013
Go to Creator's Profile
Score Distribution
Quiz Creator Spotlight
Sitsaln
Follow
Send a Message
Quizzes Created
-
Created Quiz Play Count
-
More By This Creator
Popular Quizzes Today
1
Find the 'City' Movie
2
Colored Red Africa Blitz
3
Find the US States - No Outlines Minefield
4
5x2 Blitz: Bands
5
The Countries of the World
6
Find the US States
7
US States
8
9x9 Crossword: Cartoon Network
More Movies Quizzes
Hollywood Reporter Covers: Actors
Editor's Pick
Trending Quizzes
Colored Red Europe Blitz I
Colored Red Africa Blitz II
Colored Red Europe Blitz II
Colored Red Africa Blitz III
Colored Red Europe Blitz III
Recently Updated
2024 March Madness Bracket
pecheneg
Famous TV Couples
Peacemaker
Champions League XIs: Real Madrid
pecheneg
Largest US Cities 1790-2010
pecheneg
Rides in Walt Disney World
pecheneg
Most Oscar Losses (Acting)
pecheneg
Beyoncé Albums
pecheneg
Leaping Animals
pecheneg
Reality TV Shows (A-Z)
bhenderson79
Rickey Henderson's Hall of Fame Teammates
pecheneg
Trending Topics
Anime
Kpop
Disney
Harry Potter
Marvel
NBA
Crossword
Pokémon
Puzzle
NFL
WWE
Soccer
Country
Song
The Office
Your Account Isn't Verified!
In order to create a playlist on Sporcle, you need to verify the email address you used during registration. Go to your
Sporcle Settings
to finish the process.
Report this User
Report this user for behavior that violates our
Community Guidelines
.
Details:
Send Report
Go to the Sporcle.com Mobile Site →
Comments